01463nas 2200265 450000100030000010000410000310100080004420001790005221001970023121500110042823000270043930000710046630402780053732600120081543601690082760600150099660600140101160700190102570000240104470100260106870100170109470100290111171000220114080100350116287 a20190715b u||y0frey50 ba afre aLe rebrousse-PoilbPériodiqueeMensuel d'action non-violente, d'écologie et de contre-informationfJean-Claude HennetfPhilippe BeckfMichel RimefJean-Philippe Jeannerat aLausannebavenue de Béthusy 56, 1012 LausannebCase postale 308 1211 Genève 4cLe Rebrousse-PoilgCEDIPSgCoopérative d'Impressions NouvellesgAtelier Offset PerringGenodruckd1978-1985 d30 cm. a8 fichiers PDF (texte) aFusion de: Le résistant à la guerre, et de: Combat non-violent aCollaborateurs pour le n°3: Georges Bacon, Antoine Duplan, Marie Empain, Michel Froidevaux, Philippe Gottraux, Vincent Guyot, Jean-Claude Hennet, André Humberset, Florence Lardet, Denis Membrez, Alain Lenoir, Marc Morier, Christian Schilter, Pascal Shmidt, Pascal Tharin aMensuel 0365cLausanned1972-1977nCentre Martin Luther KingoMensuel romand de liaison, d'information et d'action des mouvements et groupes non-violentstCombat non-violent aÉcologie aPacifisme aSuisse romande aHennetbJean-Claude aBeckbPhilippef1952- aRimebMichel aJeanneratbJean-Philippe aLe Rebrousse-Poil aFRb595126101cYYYYMMDDgAFNOR